Statistiques concernant Pays où les footballeurs français s'exportent le plus

Cliquez ici pour prendre le quiz!

Statistiques générales

  • Ce quiz a été pris 2 441 fois
  • Le résultat moyen est 7 sur 10

Statistiques - réponses

Nombre de footballeurs françaisPays% Correct
55Espagne
99%
39Allemagne
98%
107Angleterre
98%
53Italie
98%
83Belgique
85%
26Suisse
79%
37Turquie
48%
39Grèce
38%
33Algérie
35%
64Luxembourg
30%

Distribution des résultats

Percentile par nombre de réponses

% des personnes avec chaque résultat

Votre développement - résultats

Vous n’avez pas pris ce quiz